Housing aspirations and shared ownership (Record no. 108677)

MARC details
000 -LEADER
fixed length control field 01535cad a22002295a 4500
001 - CONTROL NUMBER
control field L145028
008 - FIXED-LENGTH DATA ELEMENTS--GENERAL INFORMATION
fixed length control field 080902e20080822xxkado f s 000 0 eng d
035 ## - SYSTEM CONTROL NUMBER
System control number (Sirsi) u145028
041 0# - LANGUAGE CODE
Language code of text/sound track or separate title eng
050 04 - LIBRARY OF CONGRESS CALL NUMBER
Classification number 306.1 $2 18
110 2# - MAIN ENTRY--CORPORATE NAME
Corporate name or jurisdiction name as entry element United Kingdom
Subordinate unit Housing Corporation
-- Centre for Research and Market Intelligence
9 (RLIN) 5608
245 00 - TITLE STATEMENT
Title Housing aspirations and shared ownership
Medium [electronic resource]
260 ## - PUBLICATION, DISTRIBUTION, ETC.
Place of publication, distribution, etc. Housing Corporation
Name of publisher, distributor, etc. London
Date of publication, distribution, etc. 2008
505 2# - FORMATTED CONTENTS NOTE
Formatted contents note Shared ownership - what is it and what role does it play? -- The profile of shared owners -- Demand for shared ownership
520 ## - SUMMARY, ETC.
Summary, etc. Looks at shared ownership as distinct from schemes such as Open market HomeBuy and discusses the typical profiles of those using it and the role of shared ownership in the housing market. Authors state that it is very hard to predict demand for shared ownership schemes and that the government should not be looking to attract only first time buyers, but also those who can no longer afford the costs of full home onwership. Advocates improved provision of information about shared ownership schemes and warns that shared ownership schemes are susceptible to market downturns.
521 ## - TARGET AUDIENCE NOTE
Target audience note Advanced
651 #4 - SUBJECT ADDED ENTRY--GEOGRAPHIC NAME
Geographic name England and Wales
Chronological subdivision 1543-
690 ## - LOCAL SUBJECT ADDED ENTRY--TOPICAL TERM (OCLC, RLIN)
Topical term or geographic name as entry element PROPERTY-RESIDENTIAL PROPERTY-DOMESTIC RESIDENTIAL PROPERTY-HOUSING
710 1# - ADDED ENTRY--CORPORATE NAME
Corporate name or jurisdiction name as entry element Chartered Institute of Housing
9 (RLIN) 2394
856 40 - ELECTRONIC LOCATION AND ACCESS
Uniform Resource Identifier <a href="https://www.housingcorp.gov.uk/server/show/ConWebDoc.14822">https://www.housingcorp.gov.uk/server/show/ConWebDoc.14822</a>
Public note View the item free of charge online at www.housingcorp.gov.uk...
942 ## - ADDED ENTRY ELEMENTS (KOHA)
Suppress in OPAC 0
Holdings
Withdrawn status Lost status Source of classification or shelving scheme Damaged status Not for loan Home library Current library Shelving location Date acquired Total Checkouts Full call number Barcode Date last seen Copy number Price effective from Koha item type
    Dewey Decimal Classification     Virtual Virtual Online 02/09/2008   ONLINE PUBLICATION 145028-1001 06/08/2019 1 06/08/2019 Book